000 00673 a2200181 4500
999 _c3193
_d3193
020 _a0335212891 (pb)
050 _aLB2806.15 .BAR 2005
100 _aBarnett, Ronald
_eauthor
245 _aEngaging the curriculum in higher education /
_cRonald Barnett and Kelly Coate
264 _aBerkshire, England :
_bOpen University Press,
_c2005
300 _aviii, 190 p. :
_bill. ; 23 cm
440 _aThe Society for Research into Higher Education
500 _aIncludes bibliographical references (p. [175]-183) and indexes
650 _aEducation, Higher
_xCurricula
650 _aCurriculum planning
700 _aCoate, Kelly
_eauthor
942 _2lcc
_cBK
_h2806.15
_iBAR
_kLB